| 000 | 00894cam a2200277 i 4500 | ||
|---|---|---|---|
| 999 |
_c200444266 _d62478 |
||
| 003 | TR-AnTOB | ||
| 005 | 20230113112110.0 | ||
| 007 | ta | ||
| 008 | 230113b1998 tu 000 0 tur d | ||
| 040 |
_aTR-AnTOB _beng _erda _cTR-AnTOB |
||
| 041 | 0 | _atur | |
| 050 | 4 |
_aP96.E25 _bT87 1998 |
|
| 090 |
_aP96.E25 _bT87 1998 |
||
| 245 | _aTürk medya sektöründe yoğunlaşma hareketleri ve beklenen etkiler. | ||
| 264 | 1 |
_aİstanbul : _bFriedrich Eberto Stiftung, _c1998. |
|
| 300 |
_a51 pages ; _c24 cm |
||
| 336 |
_atext _btxt _2rdacontent |
||
| 337 |
_aunmediated _bn _2rdamedia |
||
| 338 |
_avolume _bnc _2rdacarrier |
||
| 650 | 7 |
_aKitle iletişim araçları _xEkonomik yönleri _zTürkiye _2etuturkob _912554 |
|
| 710 | 2 |
_aFriedrich-Ebert-Stiftung _984029 |
|
| 711 | 2 |
_aEkonomi Forumu _d(1998 : _cİstanbul) _9133196 |
|
| 942 |
_2lcc _cBK |
||